| 000 | 00619nam a2200205Ii 4500 | ||
|---|---|---|---|
| 003 | JO-AjNU | ||
| 008 | 230605s9999||||xx |||||||||||||| ||und|| | ||
| 017 | _a2012/10/3987 | ||
| 040 |
_aJO-AjNU _bara _erda _cJO-AjNU |
||
| 041 | _aara | ||
| 050 | 1 | 4 | _aRA440.5S586 2012 |
| 100 | 3 |
_aشريم ، محمد بشير , _eauthor _948378 |
|
| 245 | 0 | 0 | _aالثقافة الصحية |
| 264 | 3 | 1 | _aعمان:وزارة الثقافة ، 2012 |
| 300 | _a192ص | ||
| 336 |
_atext _btxt _2rdacontent |
||
| 337 |
_aunmediated _bn _2rdamedia |
||
| 338 |
_avolume _bnc _2rdacarrier |
||
| 650 | 4 |
_aالثقافة الصحية _948379 |
|
| 999 |
_aA21182 _c24750 _d24750 |
||